[Event "Timisoara Foisor Memorial Rapid"]
[Site "Timisoara"]
[Date "2023.08.06"]
[Round "8"]
[White "Zanan, Evgeny"]
[Black "Gevorgyan, Maria"]
[Result "0-1"]
[WhiteElo "2470"]
[BlackElo "2260"]
[PlyCount "80"]
[EventDate "2023.08.05"]
[EventType "swiss (rapid)"]
[EventRounds "10"]
[EventCountry "ROU"]
[SourceTitle "CBM 215 Extra"]
[Source "ChessBase"]
[SourceDate "2023.09.30"]
[SourceVersion "1"]
[SourceVersionDate "2023.09.30"]
[SourceQuality "1"]

1. e4 c5 2. Nf3 Nc6 3. d4 cxd4 4. Nxd4 g6 5. c4 Nf6 6. Nc3 Nxd4 7. Qxd4 d6 8. Be2 Bg7 9. 0-0 0-0 10. Qd3 a5 11. Be3 a4 12. Bd4 Be6 13. b3 axb3 14. axb3 Nd7 15. Bxg7 Kxg7 16. Qd4+ f6 17. Nb5 Nc5 18. Qe3 Qd7 19. f4 Bf7 20. e5 fxe5 21. Rxa8 Rxa8 22. fxe5 Ra2 23. exd6 exd6 24. Qd4+ Kg8 25. Nxd6 Nxb3 26. Qb6 Rxe2 27. Rxf7 Re7 28. Rf1 Nd2 29. Ra1 Ne4 30. Ra8+ Kg7 31. Qd4+ Nf6 32. h3 Re4 33. Ne8+ Qxe8 34. Rxe8 Rxd4 35. Re7+ Kh6 36. c5 Rc4 37. Rxb7 Rxc5 38. Kh2 Rc2 39. Kg3 Nh5+ 40. Kh4 Rc4+ 0-1

[Event "Pardubice rapid op 34th"]
[Site "Pardubice"]
[Date "2023.07.20"]
[Round "7"]
[White "Aggarwal, Vansh"]
[Black "Zanan, Evgeny"]
[Result "1-0"]
[WhiteElo "1908"]
[BlackElo "2481"]
[PlyCount "97"]
[EventDate "2023.07.19"]
[EventType "swiss (rapid)"]
[EventRounds "9"]
[EventCountry "CZE"]
[SourceTitle "CBM 215 Extra"]
[Source "ChessBase"]
[SourceDate "2023.09.30"]
[SourceVersion "1"]
[SourceVersionDate "2023.09.30"]
[SourceQuality "1"]

1. e4 e5 2. Nf3 Nc6 3. Bb5 a6 4. Ba4 Nf6 5. 0-0 Be7 6. Re1 b5 7. Bb3 d6 8. c3 0-0 9. h3 Bb7 10. d4 Re8 11. Nbd2 Bf8 12. a4 Na5 13. Bc2 b4 14. d5 bxc3 15. bxc3 c6 16. c4 Nd7 17. Ba3 Rc8 18. Bd3 g6 19. Qe2 Qc7 20. Bb4 Ba8 21. Reb1 Nc5 22. Bxc5 dxc5 23. Nf1 cxd5 24. cxd5 c4 25. Bc2 Nb7 26. Ne3 a5 27. Rc1 Nd6 28. Nd2 Bh6 29. Ndxc4 Bb7 30. Bd3 Bxe3 31. Qxe3 Nxc4 32. Rxc4 Qd7 33. Qb6 f5 34. Rb1 fxe4 35. Rxc8 Rxc8 36. Bxe4 Qf7 37. Qb3 Ba6 38. Rd1 Be2 39. Re1 Bc4 40. Qf3 Ba6 41. d6 Qxf3 42. Bxf3 Rd8 43. Rxe5 Rxd6 44. Rxa5 Kg7 45. Rd5 Re6 46. Kh2 Kf6 47. Kg3 h6 48. Rc5 g5 49. Rc6 1-0

[Event "Pardubice rapid op 34th"]
[Site "Pardubice"]
[Date "2023.07.20"]
[Round "4"]
[White "Zanan, Evgeny"]
[Black "Lalith, Babu MR"]
[Result "0-1"]
[WhiteElo "2481"]
[BlackElo "2537"]
[PlyCount "84"]
[EventDate "2023.07.19"]
[EventType "swiss (rapid)"]
[EventRounds "9"]
[EventCountry "CZE"]
[SourceTitle "CBM 215 Extra"]
[Source "ChessBase"]
[SourceDate "2023.09.30"]
[SourceVersion "1"]
[SourceVersionDate "2023.09.30"]
[SourceQuality "1"]

1. e4 e5 2. Nf3 Nc6 3. Bb5 a6 4. Ba4 Nf6 5. 0-0 b5 6. Bb3 Be7 7. Re1 0-0 8. h3 Bb7 9. d3 d5 10. exd5 Nxd5 11. a4 Nd4 12. Nbd2 Nxb3 13. Nxb3 f6 14. Na5 Qc8 15. Nh4 Bb4 16. Bd2 Bxa5 17. Bxa5 g5 18. Nf3 Nf4 19. Re3 Kh8 20. Ne1 c5 21. Bd2 b4 22. c3 a5 23. d4 exd4 24. cxd4 cxd4 25. Rg3 Ne6 26. Nd3 Qd7 27. Qg4 f5 28. Qh5 f4 29. Rg4 Be4 30. Ne5 Qg7 31. f3 Bf5 32. Re1 Rae8 33. h4 Bxg4 34. Nxg4 Qg6 35. Qxg6 hxg6 36. Ne5 Kg7 37. Nd7 Rf5 38. hxg5 Nc7 39. Rxe8 Nxe8 40. b3 Nc7 41. Kf1 Ne6 42. Nb6 Nc5 0-1

[Event "ISR-chT"]
[Site "Israel"]
[Date "2023.05.05"]
[Round "9.1"]
[White "Tifferet, Shaked"]
[Black "Zanan, Evgeny"]
[Result "1-0"]
[WhiteElo "2226"]
[BlackElo "2483"]
[PlyCount "73"]
[EventDate "2023.01.11"]
[EventType "team-tourn"]
[EventRounds "11"]
[EventCountry "ISR"]
[SourceTitle "EXT 2024"]
[Source "ChessBase"]
[SourceDate "2023.10.10"]
[SourceVersion "1"]
[SourceVersionDate "2023.10.10"]
[SourceQuality "1"]
[WhiteTeam "Netanya"]
[BlackTeam "Rishon Le Zion"]
[WhiteTeamCountry "ISR"]
[BlackTeamCountry "ISR"]

1. e4 e5 2. Nf3 Nc6 3. Bb5 a6 4. Ba4 Nf6 5. 0-0 Be7 6. d3 d6 7. c4 0-0 8. h3 Nd4 9. b4 Nxf3+ 10. Qxf3 c6 11. Bb2 Be6 12. a3 b5 13. Bb3 Nd7 14. Nd2 Bg5 15. Qe2 Nb6 16. Nf3 Be7 17. Qc2 Qb8 18. Rac1 Rc8 19. c5 Bxb3 20. Qxb3 Na4 21. cxd6 Bxd6 22. Ba1 Nb6 23. d4 Nc4 24. dxe5 Nxe5 25. Nd4 Bf8 26. f4 Nc4 27. Nf5 Qb6+ 28. Kh1 c5 29. bxc5 Qe6 30. Qg3 f6 31. Nh6+ Kh8 32. f5 Qe7 33. Ng4 Qc7 34. e5 Bxc5 35. exf6 Bf8 36. fxg7+ Bxg7 37. f6 1-0

[Event "EU-ch 23rd"]
[Site "Vrnjacka Banja"]
[Date "2023.03.10"]
[Round "8"]
[White "Zanan, Evgeny"]
[Black "Pasti, Aron"]
[Result "1-0"]
[WhiteElo "2485"]
[BlackElo "2378"]
[PlyCount "131"]
[EventDate "2023.03.03"]
[EventType "swiss"]
[EventRounds "11"]
[EventCountry "SRB"]
[SourceTitle "CBM 213"]
[Source "ChessBase"]
[SourceDate "2023.04.30"]
[SourceVersion "1"]
[SourceVersionDate "2023.04.30"]
[SourceQuality "1"]

1. e4 e5 2. Nf3 Nc6 3. Bb5 a6 4. Ba4 Nf6 5. 0-0 Be7 6. Re1 b5 7. Bb3 0-0 8. h3 d6 9. c3 Na5 10. Bc2 c5 11. d4 Qc7 12. d5 Nc4 13. b3 Nb6 14. a4 Rb8 15. a5 Nbd7 16. Nbd2 Re8 17. Nf1 Nf8 18. Ng3 g6 19. Bh6 Kh8 20. Nh2 Ng8 21. Be3 Bf6 22. Qd2 Bg7 23. b4 cxb4 24. cxb4 Bb7 25. Bd3 Rbc8 26. Rac1 Qd7 27. h4 Rxc1 28. Rxc1 Rc8 29. h5 Rxc1+ 30. Qxc1 Qc8 31. Qd2 Nd7 32. Ne2 Ne7 33. Ng4 f5 34. Bg5 Qe8 35. h6 Bf8 36. Nf6 Nxf6 37. Bxf6+ Kg8 38. f3 f4 39. Bg5 Qd7 40. Nc3 Nc8 41. g3 fxg3 42. Kg2 Be7 43. Kxg3 Bxg5 44. Qxg5 Kf7 45. Nd1 Qe7 46. Qc1 Na7 47. Nf2 Bc8 48. Bf1 Ke8 49. Bh3 Bd7 50. Bxd7+ Qxd7 51. Nh3 Nc8 52. Ng5 Ne7 53. Nxh7 Ng8 54. Ng5 Nxh6 55. Ne6 Nf7 56. Kg2 Qb7 57. Kg3 Nd8 58. Nxd8 Kxd8 59. Qg5+ Kc8 60. Qg4+ Kb8 61. Qxg6 Qc7 62. Kg4 Qe7 63. Kf5 Kc7 64. Qf6 Qh7+ 65. Kg5 Kd7 66. Qf5+ 1-0